Etiqueta de registo: 00254nam 2200025 450
001 2285138
003 http://id.bnportugal.gov.pt/bib/catbnp/2285138
010 ## $a978-972-0-73121-0
021 ## $aPT$b533223/25
100 ## $a20260424d2026 c y0pory01030103ba
101 1# $apor
102 ## $aPT
105 ## $aa z 000yy
106 ## $ar
200 1# $a As mais belas histórias de unicórnios$fLenia Major$gil. Vayounette... [et al.]$gadapt. Cristina Neves
205 ## $a1ª ed
210 #9 $aPorto$cPorto Editora,$d2026
215 ## $a116 p.$cil.$d30 cm
700 #1 $aMajor,$bLenia,$f1971-$31469794
701 #0 $aVayounette$4440$31996767
702 #1 $92$aNeves,$bCristina$4010$3285872
801 #0 $aPT$bBN$gRPC
966 ## $lBN$mFGMON$x1
966 ## $lBN$mFGMON$x1
971 ## $cisantos$d20260424